<?xml version="1.0" encoding="UTF-8"?>
<record
    xmlns:xsi="http://www.w3.org/2001/XMLSchema-instance"
    xsi:schemaLocation="http://www.loc.gov/MARC21/slim http://www.loc.gov/standards/marcxml/schema/MARC21slim.xsd"
    xmlns="http://www.loc.gov/MARC21/slim">

  <leader>00642nam a22001577a 4500</leader>
  <controlfield tag="003">OSt</controlfield>
  <controlfield tag="005">20151209154237.0</controlfield>
  <controlfield tag="008">151209b        xxu||||| |||| 00| 0 eng d</controlfield>
  <datafield tag="040" ind1=" " ind2=" ">
    <subfield code="c">RUA</subfield>
  </datafield>
  <datafield tag="082" ind1=" " ind2=" ">
    <subfield code="a">ATM THE 2008 B196 Or.1</subfield>
  </datafield>
  <datafield tag="100" ind1=" " ind2=" ">
    <subfield code="9">4609</subfield>
    <subfield code="a">THEBG, MAKARA.</subfield>
  </datafield>
  <datafield tag="245" ind1=" " ind2=" ">
    <subfield code="a">Sdok dam irrigation system managment in borset district kompong speu province, &#x1780;&#x17B6;&#x179A;&#x1782;&#x17D2;&#x179A;&#x1794;&#x17CB;&#x1782;&#x17D2;&#x179A;&#x1784;&#x1794;&#x17D2;&#x179A;&#x1796;&#x17D0;&#x1793;&#x17D2;&#x1792;&#x1792;&#x17B6;&#x179A;&#x17B6;&#x179F;&#x17B6;&#x179F;&#x17D2;&#x179A;&#x17D2;&#x178A;&#x1791;&#x17C6;&#x1793;&#x1794;&#x17CB;&#x179F;&#x17D2;&#x178F;&#x17BB;&#x1780;&#x179F;&#x17D2;&#x179A;&#x17BB;&#x1780;&#x1794;&#x179F;&#x17C1;&#x178A;&#x17D2;&#x178B; &#x1781;&#x17C1;&#x178F;&#x17D2;&#x178F;&#x1780;&#x17C6;&#x1796;&#x1784;&#x17CB;&#x179F;&#x17D2;&#x1796;&#x17BA;</subfield>
  </datafield>
  <datafield tag="260" ind1=" " ind2=" ">
    <subfield code="a">Phnom Penh</subfield>
    <subfield code="b">RUA</subfield>
    <subfield code="c">2008</subfield>
  </datafield>
  <datafield tag="300" ind1=" " ind2=" ">
    <subfield code="a">x; 49p.</subfield>
    <subfield code="b">ill.</subfield>
    <subfield code="c">29cm.</subfield>
  </datafield>
  <datafield tag="942" ind1=" " ind2=" ">
    <subfield code="2">ddc</subfield>
    <subfield code="c">ATM</subfield>
  </datafield>
  <datafield tag="999" ind1=" " ind2=" ">
    <subfield code="c">4294</subfield>
    <subfield code="d">4294</subfield>
  </datafield>
  <datafield tag="952" ind1=" " ind2=" ">
    <subfield code="0">0</subfield>
    <subfield code="1">0</subfield>
    <subfield code="2">ddc</subfield>
    <subfield code="4">0</subfield>
    <subfield code="6">ATM_THE_2008_000000000000000_B196_OR_1</subfield>
    <subfield code="7">0</subfield>
    <subfield code="9">21757</subfield>
    <subfield code="a">LBB</subfield>
    <subfield code="b">LBB</subfield>
    <subfield code="c">B196</subfield>
    <subfield code="d">2015-12-09</subfield>
    <subfield code="l">4</subfield>
    <subfield code="o">ATM THE 2008 B196 Or.1</subfield>
    <subfield code="p">RUA017730</subfield>
    <subfield code="r">2018-12-24</subfield>
    <subfield code="s">2018-12-19</subfield>
    <subfield code="w">2015-12-09</subfield>
    <subfield code="y">ATM</subfield>
  </datafield>
  <datafield tag="952" ind1=" " ind2=" ">
    <subfield code="0">0</subfield>
    <subfield code="1">0</subfield>
    <subfield code="2">ddc</subfield>
    <subfield code="4">0</subfield>
    <subfield code="6">ATM_THE_2008_000000000000000_B196_OR_2</subfield>
    <subfield code="7">0</subfield>
    <subfield code="9">21758</subfield>
    <subfield code="a">LBB</subfield>
    <subfield code="b">LBB</subfield>
    <subfield code="c">B196</subfield>
    <subfield code="d">2015-12-09</subfield>
    <subfield code="l">4</subfield>
    <subfield code="m">3</subfield>
    <subfield code="o">ATM THE 2008 B196 Or.2</subfield>
    <subfield code="p">RUA017658</subfield>
    <subfield code="r">2017-08-15</subfield>
    <subfield code="s">2017-07-26</subfield>
    <subfield code="w">2015-12-09</subfield>
    <subfield code="y">ATM</subfield>
  </datafield>
  <datafield tag="952" ind1=" " ind2=" ">
    <subfield code="0">0</subfield>
    <subfield code="1">0</subfield>
    <subfield code="2">ddc</subfield>
    <subfield code="4">0</subfield>
    <subfield code="6">ATM_THE_2008_000000000000000_B196_OR_3</subfield>
    <subfield code="7">0</subfield>
    <subfield code="9">21759</subfield>
    <subfield code="a">LBB</subfield>
    <subfield code="b">LBB</subfield>
    <subfield code="c">B196</subfield>
    <subfield code="d">2015-12-09</subfield>
    <subfield code="l">2</subfield>
    <subfield code="o">ATM THE 2008 B196 Or.3</subfield>
    <subfield code="p">RUA017669</subfield>
    <subfield code="r">2019-04-26</subfield>
    <subfield code="s">2019-03-04</subfield>
    <subfield code="w">2015-12-09</subfield>
    <subfield code="y">ATM</subfield>
  </datafield>
  <datafield tag="952" ind1=" " ind2=" ">
    <subfield code="0">0</subfield>
    <subfield code="1">0</subfield>
    <subfield code="2">ddc</subfield>
    <subfield code="4">0</subfield>
    <subfield code="6">ATM_THE_2008_000000000000000_B196_OR_4</subfield>
    <subfield code="7">0</subfield>
    <subfield code="9">21760</subfield>
    <subfield code="a">LBB</subfield>
    <subfield code="b">LBB</subfield>
    <subfield code="c">B196</subfield>
    <subfield code="d">2015-12-09</subfield>
    <subfield code="l">1</subfield>
    <subfield code="o">ATM THE 2008 B196 Or.4</subfield>
    <subfield code="p">RUA017597</subfield>
    <subfield code="r">2017-08-07</subfield>
    <subfield code="s">2017-07-31</subfield>
    <subfield code="w">2015-12-09</subfield>
    <subfield code="y">ATM</subfield>
  </datafield>
  <datafield tag="952" ind1=" " ind2=" ">
    <subfield code="0">0</subfield>
    <subfield code="1">0</subfield>
    <subfield code="2">ddc</subfield>
    <subfield code="4">0</subfield>
    <subfield code="6">ATM_THE_2008_000000000000000_B196_OR_5</subfield>
    <subfield code="7">0</subfield>
    <subfield code="9">21761</subfield>
    <subfield code="a">LBB</subfield>
    <subfield code="b">LBB</subfield>
    <subfield code="c">B196</subfield>
    <subfield code="d">2015-12-09</subfield>
    <subfield code="o">ATM THE 2008 B196 Or.5</subfield>
    <subfield code="p">RUA017885</subfield>
    <subfield code="r">2015-12-09</subfield>
    <subfield code="w">2015-12-09</subfield>
    <subfield code="y">ATM</subfield>
  </datafield>
  <datafield tag="952" ind1=" " ind2=" ">
    <subfield code="0">0</subfield>
    <subfield code="1">0</subfield>
    <subfield code="2">ddc</subfield>
    <subfield code="4">0</subfield>
    <subfield code="6">ATM_THE_2008_000000000000000_B196_OR_6</subfield>
    <subfield code="7">0</subfield>
    <subfield code="9">21762</subfield>
    <subfield code="a">LBB</subfield>
    <subfield code="b">LBB</subfield>
    <subfield code="c">B196</subfield>
    <subfield code="d">2015-12-09</subfield>
    <subfield code="l">4</subfield>
    <subfield code="m">1</subfield>
    <subfield code="o">ATM THE 2008 B196 Or.6</subfield>
    <subfield code="p">RUA017957</subfield>
    <subfield code="r">2016-12-16</subfield>
    <subfield code="s">2016-10-20</subfield>
    <subfield code="w">2015-12-09</subfield>
    <subfield code="y">ATM</subfield>
  </datafield>
</record>
